Watts pocket handbook 1999. (Record no. 100026)

MARC details
000 -LEADER
fixed length control field 00472cam a2200193 4500
008 - FIXED-LENGTH DATA ELEMENTS--GENERAL INFORMATION
fixed length control field 000000n1999 000 0 eng u
020 ## - INTERNATIONAL STANDARD BOOK NUMBER
International Standard Book Number 187077616X
035 ## - SYSTEM CONTROL NUMBER
System control number (Sirsi) u101164
041 ## - LANGUAGE CODE
Language code of text/sound track or separate title ENG
100 ## - MAIN ENTRY--PERSONAL NAME
Personal name Watts, T
245 ## - TITLE STATEMENT
Title Watts pocket handbook 1999.
260 ## - PUBLICATION, DISTRIBUTION, ETC.
Name of publisher, distributor, etc. Watts & Partners
Date of publication, distribution, etc. 1999
300 ## - PHYSICAL DESCRIPTION
Extent 192p. ; 18cm.
350 ## - PRICE (NR) (BK AM CF MU VM SE) [OBSOLETE]
Price 5.00
650 ## - SUBJECT ADDED ENTRY--TOPICAL TERM
Topical term or geographic name entry element PROPERTY INDUSTRY
650 ## - SUBJECT ADDED ENTRY--TOPICAL TERM
Topical term or geographic name entry element CONSTRUCTION INDUSTRY
690 ## - LOCAL SUBJECT ADDED ENTRY--TOPICAL TERM (OCLC, RLIN)
Topical term or geographic name as entry element BUILT ENVIRONMENT
942 ## - ADDED ENTRY ELEMENTS (KOHA)
Suppress in OPAC 0
Holdings
Withdrawn status Lost status Source of classification or shelving scheme Damaged status Not for loan Home library Current library Shelving location Date acquired Total Checkouts Full call number Barcode Date last seen Date last checked out Copy number Price effective from Koha item type
    Dewey Decimal Classification     London London Basement 02/11/1999 11 RESERVE SHELF 134 30060118 06/08/2019 18/03/2003 1 06/08/2019 Book